Podrobnosti MARC
| 000 -Návěští |
| Řídící pole kódované 24B |
02233nam a2200397 i 4500 |
| 001 - Kontrolní číslo |
| Řídící pole proměnné |
nkc20233551362 |
| 003 - Identifikátor kontrolního čísla |
| Řídící pole proměnné |
CZ PrSKC |
| 005 - Datum posledního zpracování |
| Řídící pole 16B |
20250805092355.0 |
| 007 - Pole pevné délky pro fyzický popis |
| Řídící pole kódované |
ta |
| 008 - Údaje pevné délky |
| Řídící pole kódované 40B |
231003s2023 xr a g 6 000 1acze |
| 020 ## - ISBN |
| ISBN |
9788076374447 |
| 040 ## - Zdroj katalogizace-agentura |
| Agentura původní katalogizace |
ABG001 |
| Jazyk katalogizace |
cze |
| Agentura upravující záznam |
BOA001 |
| Použitá pravidla popisu |
rda |
| 072 #7 - Kód předmětové kategorie - Konspekt |
| Předmětová kategorie |
741.52 |
| Zpřesnění předmětové kategorie |
Komiksy. Komiksové adaptace |
| Zdroj předmětové klasifikace |
Konspekt |
| 072 #7 - Kód předmětové kategorie - Konspekt |
| Předmětová kategorie |
929 |
| Zpřesnění předmětové kategorie |
Biografie |
| Zdroj předmětové klasifikace |
Konspekt |
| 080 ## - MDT |
| Klasifikační znak MDT |
741.52.071.1-055.2 |
| Idetifikátor vydání MDT |
MRF |
| 080 ## - MDT |
| Klasifikační znak MDT |
177.6 |
| Idetifikátor vydání MDT |
MRF |
| 080 ## - MDT |
| Klasifikační znak MDT |
929 |
| Idetifikátor vydání MDT |
MRF |
| 080 ## - MDT |
| Klasifikační znak MDT |
(437.3) |
| Idetifikátor vydání MDT |
MRF |
| 080 ## - MDT |
| Klasifikační znak MDT |
741.52(0:82-322.6) |
| Idetifikátor vydání MDT |
MRF |
| 100 1# - Hlavní záhlaví - osobní jméno autora |
| Osobní jméno |
Jislová, Štěpánka, |
| Datumy související se jménem |
1992- |
| Kód role |
aut |
| -- |
ill |
| 9 (RLIN) |
12161 |
| 245 10 - Údaje o názvu |
| Název |
Srdcovka / |
| Údaj o odpovědností, atd. |
Štěpánka Jislová |
| 250 ## - Údaje o vydání |
| Označení vydání |
Vydání první |
| 264 #1 - Nakladatelské údaje |
| Místo vydání |
V Praze : |
| Nakladatel |
Paseka, |
| Rok vydání |
2023 |
| 300 ## - Fyzický popis |
| Rozsah |
236 nečíslovaných stran : |
| další fyzické údaje |
barevné ilustrace ; |
| Rozměry |
25 cm |
| 520 2# - Anotace |
| Anotace, atd. |
Otevřená autobiografická komiksová zpověď české autorky a ilustrátorky, která se ohlíží zejména za svými partnerskými vztahy, či snahou je navázat. |
| Rozšířený text anotace |
Kde se bere láska? Může za ni genetika, okoukali jsme vztah rodičů, nebo jde o nespoutaný proces zcela mimo naši kontrolu? Co když každý další vztah je přesnou kopií toho předchozího? Autorka nás vezme na divokou intimní jízdu svými vzpomínkami a zážitky s láskou, vztahy a vším mezi tím. Provází nás vysokoškolskými večírky i pocity osamělosti, bourá představy o tom, co to vlastně znamená být mladou ženou či mužem, a svěřuje se s vlastní zkušeností se sexuálním násilím. Postavy sledujeme od dětství přes pubertu až po dospělost, jejich příběh reflektuje také svět online seznamek a aplikací, kulturu nezávazného sexu i bezvýchodnost toxických vztahů. Nakladatelská anotace. Kráceno. |
| 600 17 - Vedlejší věcné záhlaví - osobní jméno |
| Osobní jméno |
Jislová, Štěpánka, |
| Datumy související se jménem |
1992- |
| Zdroj záhlaví nebo termínu |
czenas |
| 9 (RLIN) |
12161 |
| 648 #7 - Vedlejší věcné záhlaví - chronologický termín |
| Chronologický termín |
21. století |
| Zdroj záhlaví nebo termínu |
czenas |
| -- |
395 |
| 650 07 - Vedlejší věcné záhlaví - věcné téma |
| Věcné téma |
komiksové tvůrkyně |
| Geografické zpřesnění |
Česko |
| Chronologické zpřesnění |
21. století |
| Zdroj záhlaví nebo termínu |
czenas |
| 9 (RLIN) |
19579 |
| 650 07 - Vedlejší věcné záhlaví - věcné téma |
| Věcné téma |
partnerské vztahy |
| Zdroj záhlaví nebo termínu |
czenas |
| 9 (RLIN) |
741 |
| 650 09 - Vedlejší věcné záhlaví - věcné téma |
| Věcné téma |
women comics creators |
| Geografické zpřesnění |
Czechia |
| Chronologické zpřesnění |
21st century |
| Zdroj záhlaví nebo termínu |
eczenas |
| 9 (RLIN) |
19580 |
| 650 09 - Vedlejší věcné záhlaví - věcné téma |
| Věcné téma |
partner relationships |
| Zdroj záhlaví nebo termínu |
eczenas |
| 9 (RLIN) |
744 |
| 655 #7 - Rejstříkový termín - žánr/forma |
| Žánr/forma či základní termín |
autobiografické komiksy |
| -- |
14369 |
| 655 #9 - Rejstříkový termín - žánr/forma |
| Žánr/forma či základní termín |
autobiographical comics |
| -- |
14763 |
| 910 ## - Údaje o vlastníkovi jednotky (exempláře) |
| Sigla vlastníka jednotky |
ABG508 |